000 00979nam a2200289 i 4500
001 bg
003 BPK
005 20190920085242.0
008 980713s1996 pl a de |000 0 pol
015 _aPB 1997/646
020 _a830112119X
040 _aWA N
_cBPK
080 _a595.7-14(038)=00
100 1 _aRazowski, Józef
_d(1932- ).
245 1 0 _aSłownik morfologii owadów /
_cJózef Razowski.
260 _aWarszawa ;
_aKraków :
_bWydaw. Naukowe PWN. Oddział,
_c1996.
300 _aVIII, [4], 430, [5] s. :
_brys. ;
_c21 cm.
504 _aBibliogr. s. [XI].
650 4 _aOwady
_xanatomia.
650 4 _aOwady
_xanatomia
_xterminologia.
655 4 _aSłowniki wielojęzyczne.
655 4 _aEncyklopedia
655 4 _aSłownik terminologiczny
710 2 _aWydawnictwo Naukowe PWN
_4pbl.
856 _uhttp://koha.tu.koszalin.pl/cgi-bin/koha/opac-detail.pl?biblionumber=36393
_yKatalog online BPK
942 _2UKD
_cKS
999 _c36393
_d36393